[Event "Moscow-ch Women 2021"]
[Site "Moscow"]
[Date "2021.04.01"]
[Round "8.1"]
[White "Paramzina, Anastasya"]
[Black "Charochkina, Daria"]
[Result "1-0"]
[WhiteElo "2252"]
[BlackElo "2337"]
[Annotator "TA"]
[PlyCount "126"]
[EventDate "2021.03.25"]
[EventType "swiss"]
[EventCountry "RUS"]
[SourceTitle "playchess.com"]
[Source "ChessBase"]
[SourceQuality "1"]

{[%evp 9,126,24,30,20,29,36,22,29,17,11,35,40,39,16,36,47,36,0,20,0,96,89,91,83,154,154,187,68,121,120,98,25,31,19,33,39,27,20,62,62,110,41,78,62,64,53,166,164,152,119,175,20,20,20,31,24,47,43,54,28,22,28,8,27,33,33,85,57,94,59,62,60,120,38,43,48,168,0,8,6,214,219,220,223,202,183,404,273,241,147,526,408,404,28,29,0,408,400,226,0,456,416,532,538,510,504,545,544,536,513,524,533,582,552,681,652,837,814,738]} 1. e4 c6 2. Nc3 d5 3. Nf3 Nf6 4. e5 Ne4 5. Ne2 Qb6 {[%csl Ge4][%cal Rb6f2]} 6. d4 {B11: Caro-Kann: Two Knights Variation.} e6 7. Nfg1 f6 8. f3 {The position is equal.} Ng5 9. exf6 gxf6 10. f4 Ne4 11. Ng3 $1 c5 12. Nxe4 dxe4 13. Qh5+ Kd8 $1 14. d5 {[#]} exd5 $146 (14... f5 $1 $11 {remains equal.}) ({Predecessor:} 14... f5 15. Bc4 Be7 16. Bd2 exd5 17. Bxd5 Nd7 18. Qh3 Nf6 19. Bc3 Be6 20. O-O-O Ke8 21. Bxe6 Qxe6 {1-0 (35) Ghysens,D (2401)-Divanbaigyzand,M (2422) ICCF email 2017}) 15. Qxd5+ $16 {[%mdl 64] Double Attack} Bd7 16. Bd2 (16. Qxe4 $6 Nc6 $15) 16... Qxb2 (16... Kc7 $142) 17. Rd1 Kc8 18. Ne2 ({White must play} 18. Bc4 $1 $18) 18... Be7 (18... Qb6 $14) 19. Ng3 Qd4 {[#]} 20. Qxd4 ({Of course not} 20. Qxe4 Nc6 $14) (20. Nf5 $1 $16 {[%cal Rf5e7]} Bxf5 21. Qxf5+ Qd7 22. Qxe4) 20... cxd4 $11 21. Nxe4 Bc6 22. Bd3 Nd7 23. Kf2 Rg8 24. Ng3 h5 25. Rde1 ({White should play} 25. Rhe1 $16 Bc5 26. Rg1) 25... Bc5 26. Rhg1 Kc7 27. Nxh5 f5 (27... Bd5 $14) 28. h3 Raf8 29. g4 Rh8 (29... Ba4 $16) 30. Rg3 $2 ({Only move:} 30. Ng7 $18 Bd5 31. gxf5) 30... fxg4 31. hxg4 Nf6 32. f5 {And now Bf4+ would win.} Bd6 33. Bf4 Nxh5 34. Bxd6+ Kxd6 35. gxh5 Rxh5 36. Rg6+ Kd7 37. Kg3 Rfh8 (37... Rhxf5 $14 38. Bxf5+ Rxf5) 38. Ree6 Kc7 39. Rg7+ Kb6 $1 40. f6 {Strongly threatening f7.} Rh3+ (40... Rh2 $14) 41. Kf4 (41. Kg4 $16) 41... Rf3+ $14 42. Kg5 Rg3+ (42... Kc5 $14) 43. Kf4 $2 (43. Kf5 $1 $18 Rf3+ 44. Kg6) 43... Rf3+ $11 44. Kg4 {aiming for Rxc6+!} Rhh3 $2 (44... Rf2 $1 $11) 45. Be4 $18 Rhg3+ 46. Kh5 Rh3+ 47. Kg6 Re3 (47... Rf4 {might work better.}) 48. Rge7 {Black must now prevent f7.} Reg3+ 49. Kf5 Kc5 $2 {[%mdl 8192]} (49... Rh2 $16 {is tougher.}) 50. Bxc6 bxc6 {[%mdl 4096] Endgame [#] KRR-KRR} 51. Re5+ $2 (51. Re4 $1 $18) 51... Kd6 $1 $11 52. R5e6+ $2 {[%mdl 8192]} ({Avoid the trap} 52. Rxa7 $2 Rf3+ 53. Ke4 Re3+ 54. Kxd4 Rxe5 $19) (52. Re4 $11 Rf3+ 53. Rf4 Rh5+ 54. Kg4 Rxf4+ 55. Kxf4) 52... Kc5 $18 {[#]} 53. Re4 $1 Rf3+ (53... Kc4 $142 54. Rf4 (54. Rxa7 Rf3+ 55. Rf4 Rh5+ 56. Kg4 {[%mdl 64] Double Attack} Rfh3 $18) 54... Rg8 55. Rxa7 Rh2) 54. Ke6 $2 (54. Rf4 $18 {Hoping for f7.} Rxf4+ 55. Kxf4) 54... Rh6 $2 {[%mdl 8192]} (54... Rh2 $11) 55. Re5+ Kb6 56. Rf5 {White is clearly winning.} Rc3 57. Rf2 d3 58. cxd3 Rxd3 59. Rd7 Re3+ 60. Kf5 Reh3 61. f7 R3h5+ 62. Ke4 Re6+ 63. Kd3 Rh3+ {Weighted Error Value: White=0.36/Black=0.59} 1-0

[Event "Moscow-ch Women 2021"]
[Site "Moscow"]
[Date "2021.04.01"]
[Round "8.2"]
[White "Dimitrova, Aleksandra"]
[Black "Danilova, Rada"]
[Result "1-0"]
[WhiteElo "2275"]
[BlackElo "2048"]
[Annotator "TA"]
[PlyCount "97"]
[EventDate "2021.03.25"]
[EventType "swiss"]
[EventCountry "RUS"]
[SourceTitle "playchess.com"]
[Source "ChessBase"]
[SourceQuality "1"]

{[%evp 19,97,-13,6,4,13,1,21,12,27,25,23,23,45,42,56,61,63,58,60,31,31,30,33,30,28,29,54,56,44,0,28,22,0,-13,58,47,174,149,162,160,183,105,234,224,218,206,266,270,263,256,335,222,375,377,361,342,453,455,439,406,509,506,554,514,707,700,646,619,1137,1070,29982,29983,29982,29983,29988,6179,5700,5498,5498,2213]} 1. e4 c5 2. Nf3 Nc6 3. d4 cxd4 4. Nxd4 Nf6 5. Nc3 e5 6. Ndb5 d6 7. a4 a6 8. Na3 Bg4 9. f3 Be6 10. Bc4 Rc8 11. O-O {B33: Sicilian: Pelikan and Sveshnikov Variations.} Nb4 12. Nd5 Nbxd5 (12... Bxd5 {seems wilder.} 13. exd5 Qa5 14. Qe1 Qc5+ 15. Be3 Nxc2 16. Bxc5 Nxe1 17. Bf2 Nc2) 13. exd5 {The position is equal.} Bd7 14. Bb3 Be7 15. Be3 O-O 16. Nc4 Bf5 17. Nb6 Rb8 18. a5 Nd7 {[#]} 19. c4 $146 ({Predecessor:} 19. Qd2 Nxb6 20. Bxb6 Qd7 21. Ba4 Qc8 22. Qb4 Bd7 23. Bb3 Ra8 24. f4 exf4 25. Rxf4 {1-0 (58) Pogonina,N (2471)-Movsesian,J (2316) Plovdiv 2008}) 19... Bg5 20. Bf2 Nxb6 21. axb6 Rc8 22. Bc2 Bd7 23. Bd3 f5 24. Re1 Qf6 25. Qc2 Qh6 26. Rad1 Rce8 (26... Rf6 $11) 27. b4 $14 e4 (27... Qh5 $1 $14) 28. fxe4 $18 fxe4 29. Bxe4 Bg4 {[#]} 30. Rd4 (30. Rd3 $1 $18) 30... Bc8 (30... g6 $16) 31. c5 Bf4 32. g3 Be5 33. Rc4 Rf7 34. Bd3 {aiming for Rh4.} g5 35. Be3 Ref8 $2 {[#]} (35... Bf4 {was necessary.}) 36. Rh4 $3 {[%mdl 512]} Qf6 37. Rxh7 Rxh7 38. Bxh7+ Kg7 39. Be4 Bd4 {And now ...Bxe3+ would win.} 40. Qd3 Bc3 41. Rf1 Qxf1+ 42. Qxf1 Rxf1+ 43. Kxf1 Bxb4 {[%mdl 4096] Endgame KBB-KBB} 44. c6 Kf6 45. Bd4+ Ke7 {[#]} 46. Bf5 $1 {[%mdl 512]} bxc6 (46... Bxf5 47. cxb7) 47. dxc6 (47. Bxc8 $142 Bc5 48. Bxc5 dxc5 49. dxc6 Kd6 50. c7 Kd5 51. Bxa6 Ke6 52. c8=Q+ {[%mdl 64] Double Attack} Kf6 53. b7) 47... Bxf5 48. b7 Bd3+ 49. Kf2 {Weighted Error Value: White=0.10/Black=0.49} 1-0

[Event "Moscow-ch Women 2021"]
[Site "Moscow"]
[Date "2021.04.01"]
[Round "8.3"]
[White "Gorovenko, Darya"]
[Black "Zvereva, Margarita"]
[Result "0-1"]
[WhiteElo "2106"]
[BlackElo "1951"]
[Annotator "TA"]
[PlyCount "123"]
[EventDate "2021.03.25"]
[EventType "swiss"]
[EventCountry "RUS"]
[SourceTitle "playchess.com"]
[Source "ChessBase"]
[SourceQuality "1"]

{[%evp 19,123,-54,-45,-74,-73,-65,-72,-123,-93,-85,-71,-83,-53,-100,-58,-89,-48,-87,-72,-121,-120,-121,-116,-113,-119,-110,-108,-99,-92,-81,-10,-80,-57,-91,-47,-59,-15,-38,-29,-34,-33,-71,-58,-63,0,0,0,-42,-33,-31,-18,-26,0,-33,-37,-39,31,28,26,0,0,0,5,0,0,0,0,0,0,0,0,0,0,-92,-103,-99,-96,-120,-127,-181,-162,-167,-181,-183,-170,-145,-141,-123,-120,-112,-102,-450,-439,-485,-237,-813,-759,-761,-744,-555,-237,-224,-62,-77,-77,-95]} 1. d4 d5 2. c4 e6 3. Nf3 Nf6 4. g3 dxc4 5. Qa4+ Nbd7 6. Qxc4 a6 7. Bg2 b5 8. Qc2 Bb7 9. O-O c5 10. a4 b4 11. a5 {E03: Open Catalan: 5 Qa4+ Nbd7 6 Qxc4.} Rc8 12. Qd1 {[#]} Be7 $146 ({Predecessor:} 12... c4 13. Bg5 Be7 14. Nbd2 O-O 15. Ne5 Bxg2 16. Kxg2 Nxe5 17. dxe5 Nd7 18. Bxe7 Qxe7 {½-½ (48) Koskinen,H (2260)-Penttinen,J (2304) Finland 2004}) 13. b3 (13. dxc5 $142 O-O 14. Bf4) 13... O-O 14. Bb2 cxd4 15. Bxd4 Bc5 16. e3 Qe7 17. Nbd2 Rfd8 18. Qe2 Bxd4 19. exd4 Nd5 20. Nc4 Nc3 21. Qe3 Nf6 22. Rfe1 Nfd5 23. Qe5 Nb5 24. Rad1 Qc7 (24... Ndc3 $17 25. Rd2 Rc7) 25. Qh5 (25. Nb6 $1 $11) 25... Nf6 26. Qh4 Nc3 27. Rd3 Ncd5 28. Bh3 h6 29. Nfe5 Re8 30. Rd2 Rcd8 31. Nd3 Nd7 (31... Ne7 $15 32. Nde5 Nc6) 32. Bg2 $11 Ba8 33. Be4 N7f6 34. Bg2 Qe7 35. Nc5 Nc7 36. Nb7 Bxb7 37. Bxb7 Nfd5 (37... Ncd5 $15 38. Bxa6 Qc7) 38. Qxe7 $14 Nxe7 39. Ne5 Rb8 40. Bg2 Nb5 41. Nc6 Nxc6 42. Bxc6 Red8 43. d5 exd5 44. Rxd5 Nd4 $36 {[%mdl 2048] White is under pressure.} 45. Rxd8+ Rxd8 $11 {[%mdl 4096] Endgame KRB-KRN} 46. Bb7 (46. Bg2 $11 {keeps the balance.}) 46... Nxb3 $17 {And now ...Nd2 would win.} 47. Bxa6 Nxa5 48. Re5 Nc6 49. Rb5 (49. Re2 $17 {might work better.}) 49... Rb8 $1 $19 50. Rxb8+ Nxb8 {KB-KN} 51. Bd3 Nc6 52. Kf1 Nd4 53. Ke1 Kf8 54. Kd2 Ke7 55. Bc4 $2 {[%mdl 8192]} (55. Ke3 $17 Ne6 56. Bc4) 55... Nf3+ 56. Kc2 f5 (56... Nxh2 $142 57. Kb3 Ng4) 57. Kb3 $2 (57. h4 Kd6 58. Ba6) 57... Nxh2 58. Kxb4 Ng4 59. f3 Ne5 (59... Nf2 $142 60. Kc5 Nh1) 60. Be2 {[#]} g5 $2 (60... h5 $1 $19 {Hoping for ...f4!} 61. f4 {[#]} h4 $1 62. fxe5 hxg3) 61. Kc3 Kf6 62. g4 {Weighted Error Value: White=0.39/Black=0.26} 0-1

[Event "Moscow-ch Women 2021"]
[Site "Moscow"]
[Date "2021.04.01"]
[Round "8.4"]
[White "Lyutsinger, Iren"]
[Black "Zherebtsova, Alexandra"]
[Result "0-1"]
[WhiteElo "1464"]
[BlackElo "2177"]
[Annotator "TA"]
[PlyCount "80"]
[EventDate "2021.03.25"]
[EventType "swiss"]
[EventCountry "RUS"]
[SourceTitle "playchess.com"]
[Source "ChessBase"]
[SourceQuality "1"]

{[%evp 18,80,-6,-23,-14,-15,-23,-21,-21,-33,-28,-28,-21,-20,-18,-86,-58,-146,-139,-130,-69,-156,-147,-177,-147,-149,-125,-135,-117,-214,-192,-229,-222,-210,-206,-331,-314,-687,-697,-689,-687,-668,-670,-634,-630,-873,-830,-848,-866,-1501,-1428,-1263,-1204,-9461,-11189,-6299,-6319,-29954,-11814,-29977,-29979,-29976,-29975,-29989,-29990]} 1. e4 c5 2. Nc3 Nc6 3. g3 g6 4. Bg2 Bg7 5. d3 d6 6. f4 e6 7. Nf3 Nge7 8. O-O O-O 9. Be3 Rb8 {9...b6 is becoming the main line.} 10. d4 d5 {B25: Closed Sicilian: 3 g3, lines without early Be3.} 11. e5 Nf5 12. Bf2 cxd4 {The position is equal.} 13. Nxd4 Nfxd4 14. Bxd4 Nxd4 15. Qxd4 Qa5 {[#]} 16. Rad1 $146 (16. Nd1 $11 {remains equal.}) ({Predecessor:} 16. b4 Qa6 17. Rf3 Bd7 18. Bf1 Qb6 19. Qxb6 axb6 20. Rc1 Ra8 21. Rd3 Rfc8 22. a3 {0-1 (59) Juarez,L (1822)-Bezkorovaina,M (2025) Maribor 2012}) 16... b5 {[%cal Bb7b5,Bb5b4][%mdl 32]} 17. g4 (17. b4 $15 Qc7 18. Ne2) 17... b4 $17 18. Ne2 f6 ({Don't play} 18... Qxa2 $6 19. Ra1 $11) (18... Ba6 $17 19. Rf2 Bxe2 20. Rxe2 Rfc8) 19. Qe3 (19. exf6 $1 $15 Bxf6 20. Qe3) 19... fxe5 ({But not} 19... Qxa2 $6 20. Ra1 $15) 20. fxe5 Rxf1+ 21. Rxf1 Bd7 ({Much weaker is} 21... Qxa2 $6 22. Qf2 $11) 22. Nf4 Qb6 23. Re1 (23. Qxb6 $17 Rxb6 24. Nd3) 23... Qxe3+ $19 24. Rxe3 {[#]} Bh6 $1 {[%cal Rh6f4]} 25. Rf3 Rc8 26. g5 (26. h4 $142) 26... Bxg5 27. Bh3 $2 (27. h4 Bh6 28. h5) 27... Rf8 28. Bxe6+ Bxe6 29. Nxe6 {[%csl Ge6][%cal Rf3f8] [#]} Rxf3 30. Nxg5 {[%mdl 4096] Endgame KR-KN} Rf5 31. Nh3 Rxe5 32. Kf2 Re4 33. Kf3 Rc4 34. Nf4 Rxc2 35. Nd3 Rxh2 36. Nxb4 Rxb2 37. Nxd5 Rxa2 38. Ne7+ Kf7 {Black mates.} 39. Nc6 a5 40. Nxa5 Rxa5 {Weighted Error Value: White=1.41/Black=0.06} 0-1

[Event "Moscow-ch Women 2021"]
[Site "Moscow"]
[Date "2021.04.01"]
[Round "8.6"]
[White "Diakonova, Ekaterina"]
[Black "Cherepanova, Evita"]
[Result "1-0"]
[WhiteElo "2156"]
[BlackElo "1621"]
[Annotator "TA"]
[PlyCount "83"]
[EventDate "2021.03.25"]
[EventType "swiss"]
[EventCountry "RUS"]
[SourceTitle "playchess.com"]
[Source "ChessBase"]
[SourceQuality "1"]

{[%evp 15,83,13,6,14,2,-25,-2,-34,-37,-37,-37,-37,-26,-31,-27,-44,-37,-64,-51,-64,0,-31,-20,-52,-39,-40,-24,-53,-67,-54,-47,-116,-39,-43,8,29,30,43,43,52,49,52,60,45,47,48,140,122,191,177,217,196,221,89,384,334,648,595,773,742,1156,1202,29983,29984,29993,29994,29997,29996,29996,29997]} 1. e4 e6 2. d4 d5 3. Nc3 Bb4 4. e5 c5 5. a3 Bxc3+ 6. bxc3 Qa5 7. Bd2 Qa4 8. Qg4 Kf8 9. Qd1 {9.h4 injects fresh life into this line. C18: French: 3 Nc3 Bb4: Main line: 7 h4 and 7 Qg4.} b6 10. h4 {[#]} h6 $146 ({Predecessor:} 10... Ba6 11. Nf3 Bxf1 12. Kxf1 Nc6 13. h5 h6 14. Rh4 cxd4 15. cxd4 Nge7 16. Rf4 Rc8 {1-0 (39) Nepomniachtchi,I (2784)-Erigaisi,A (2559) Chess.com INT 2020}) 11. Rh3 {The position is equal.} Ne7 12. Nf3 Ba6 13. h5 Nbc6 {[%cal Rc5d4]} 14. Bxa6 Qxa6 15. Be3 Nf5 16. g4 Nxe3 17. fxe3 Ne7 (17... Qa4 $15) 18. Kf2 Rc8 19. Qd2 Qc4 20. Nh4 Ke8 21. Kg2 g5 22. hxg6 fxg6 23. Kg1 ({Better is} 23. Nf3 $1 $15) 23... Kd7 ({Black should play} 23... h5 $1 $17 24. gxh5 Rxh5) 24. Rf1 $1 $15 h5 (24... g5 $15 25. Ng2 h5) 25. Rf7 $11 {Hoping for Nxg6.} Rcf8 26. Rhf3 Rxf7 27. Rxf7 {Nxg6 is the strong threat.} Rg8 28. g5 Ke8 29. Rf6 Kd7 $1 30. Kh2 Qa4 {[#]} (30... a5 $14) 31. Qd3 $1 $16 c4 (31... Qxa3 $16 {keeps fighting.} 32. Qb5+ Kc8) 32. Qd2 $18 Qxa3 {[#]} 33. Ng2 $1 Nf5 34. e4 (34. Nf4 $18) 34... Ne7 $2 {[%mdl 8192] Loses the game.} (34... dxe4 $16 35. Qe1 Kc6) 35. Nf4 Re8 $2 (35... Kc8 36. Rf7 Kb8 37. Nxe6 h4) 36. Rxe6 Rf8 {intending ...Rxf4.} 37. Rf6 Rg8 38. exd5 a5 39. d6 {White mates.} Nf5 40. Qg2 Rb8 41. Rf7+ Ke8 42. Qd5 {Weighted Error Value: White=0.15/Black=0.62} 1-0

[Event "Moscow-ch Women 2021"]
[Site "Moscow"]
[Date "2021.04.01"]
[Round "8.7"]
[White "Antonova, Nadezhda"]
[Black "Shvedova, Alexandra"]
[Result "1-0"]
[WhiteElo "1877"]
[BlackElo "1997"]
[Annotator "TA"]
[PlyCount "81"]
[EventDate "2021.03.25"]
[EventType "swiss"]
[EventCountry "RUS"]
[SourceTitle "playchess.com"]
[Source "ChessBase"]
[SourceQuality "1"]

{[%evp 10,81,38,20,47,44,55,39,39,33,25,26,43,34,56,36,18,25,27,5,18,33,25,22,50,59,70,71,89,74,117,120,131,113,118,93,82,70,89,83,87,82,97,116,110,106,138,130,145,143,145,144,147,145,132,127,187,164,199,185,249,204,422,406,393,387,1626,1460,5306,5306,29988,29989,29988,29989]} 1. d4 {Marin,M} d5 2. c4 e6 3. Nf3 Nf6 4. g3 dxc4 5. Bg2 Nc6 {[%cal Bb8c6,Bc6b4,Bb4c2][%mdl 32]} 6. Qa4 Nd7 {E04: Open Catalan: 5 Nf3.} 7. Qxc4 Nb6 8. Qb5 a6 {White is slightly better.} 9. Qd3 e5 10. Nxe5 Nb4 11. Qc3 Qxd4 $1 {[%mdl 64] [#] Decoy} 12. Qxd4 (12. O-O $5 {[%cal Rc3d4]} Qxc3 13. Nxc3 $14) 12... Nc2+ {[%mdl 64] Double Attack} 13. Kd1 Nxd4 14. Be3 Nf5 (14... Nb5 {with more complications.} 15. a4 Nd6 16. Nc3 Bf5 17. a5 Nd7) 15. Bxb6 cxb6 16. Nc3 Bc5 17. e3 {[#]} Rb8 $146 ({Predecessor:} 17... O-O 18. Ke2 Re8 19. Nd3 Rb8 20. Rhc1 Be6 21. Bd5 Bd7 22. Ne4 Bf8 23. Rc7 Rbd8 {1-0 (47) Kramnik,V (2772)-Naiditsch,A (2654) Dortmund 2007 CBM 119 [Marin,M]}) 18. Ke2 Be6 19. Rhd1 Be7 20. Bd5 Nd6 21. Bxe6 fxe6 22. f4 b5 23. Rd4 Rd8 24. Rad1 O-O 25. e4 Nf7 26. Rd7 Rxd7 27. Rxd7 ({Don't take} 27. Nxd7 Rc8 $11) 27... Bf6 28. Nxf7 ({Don't play} 28. Rxb7 $6 Nxe5 29. fxe5 Bxe5 $11) 28... Rxf7 29. Rxf7 Kxf7 $16 {[%mdl 4096] Endgame KB-KN} 30. e5 Be7 31. Kd3 Ke8 32. Ke4 b4 (32... Bd8 $16) 33. Ne2 $18 Kd7 34. g4 b5 (34... g6 $142 35. f5 gxf5+ 36. gxf5 exf5+ 37. Kxf5 h5) 35. f5 Bc5 $2 {[#]} (35... g6 {was called for.} 36. f6 Bc5) 36. Nf4 exf5+ 37. gxf5 a5 $2 (37... Bg1 38. h4 Ke8) 38. Ne6 Bg1 39. Nxg7 Bxh2 40. f6 a4 41. e6+ {Weighted Error Value: White=0.05/Black=0.44} 1-0

[Event "Moscow-ch Women 2021"]
[Site "Moscow"]
[Date "2021.04.01"]
[Round "8.8"]
[White "Korovina, Yana"]
[Black "Shevtsova, Stefania"]
[Result "1/2-1/2"]
[WhiteElo "1531"]
[BlackElo "1654"]
[Annotator "NA RC"]
[PlyCount "64"]
[EventDate "2021.03.25"]
[EventType "swiss"]
[EventCountry "RUS"]
[SourceTitle "playchess.com"]
[Source "ChessBase"]
[SourceQuality "1"]
[TimeControl "5400+30"]

1. e4 {[%emt 0:00:00]} c6 {[%emt 0:00:00]} 2. d4 {[%emt 0:00:00]} d5 {[%emt 0:00:00]} 3. exd5 {[%emt 0:00:00]} cxd5 {[%emt 0:00:00]} 4. c4 {[%emt 0:00:00]} Nf6 {[%emt 0:00:09]} 5. Nc3 {[%emt 0:00:00]} Nc6 {[%emt 0:00:05]} 6. Nf3 {[%emt 0:00:00]} Bg4 {[%emt 0:01:32]} 7. cxd5 {[%emt 0:00:12]} Nxd5 {[%emt 0:00:07]} 8. Qb3 {[%emt 0:00:16]} Bxf3 {[%emt 0:00:07]} 9. gxf3 {[%emt 0:00:02]} e6 {[%emt 0:00:18]} 10. Qxb7 {[%emt 0:01:07]} Nxd4 {[%emt 0:00:27]} 11. Bb5+ {[%emt 0:00:07]} Nxb5 {[%emt 0:00:08]} 12. Qc6+ {[%emt 0:00:04]} Ke7 {[%emt 0:00:30]} 13. Qxb5 {[%emt 0:00:22]} Qd7 {[%emt 0:00:14]} 14. Qxd7+ {[%emt 0:02:45]} Kxd7 {[%emt 0:00:07]} 15. Nxd5 {[%emt 0:00:24]} exd5 {[%emt 0:00:05]} 16. Be3 {[%emt 0:00:42]} Ke6 {[%emt 0:24:36]} 17. Ke2 {[%emt 0:02:38]} Bd6 {[%emt 0:07:15]} 18. Rac1 {[%emt 0:02:54]} Rhc8 {[%emt 0:11:24]} 19. h3 {[%emt 0:04:39]} Be5 {[%emt 0:03:14]} 20. b3 {[%emt 0:02:09]} a5 {[%emt 0:09:51]} 21. Rxc8 {[%emt 0:02:13]} Rxc8 {[%emt 0:00:08]} 22. Rc1 {[%emt 0:00:20]} Rxc1 {[%emt 0:11:10]} 23. Bxc1 {[%emt 0:00:22]} d4 {[%emt 0:04:12]} 24. Kd3 {[%emt 0:02:32]} Kd5 {[%emt 0:00:06]} 25. Bb2 {[%emt 0:00:53]} g6 {[%emt 0:00:25]} 26. a3 {[%emt 0:00:50]} f5 {[%emt 0:00:34]} 27. Bc1 {[%emt 0:01:38]} Bc7 {[%emt 0:05:09]} 28. Bb2 {[%emt 0:01:15]} Bb6 {[%emt 0:00:24]} 29. Bc1 {[%emt 0:02:08]} Bc7 {[%emt 0:00:13]} 30. Bb2 {[%emt 0:00:40]} Bb6 {[%emt 0:00:06]} 31. Bc1 {[%emt 0:00:07]} Bc7 {[%emt 0:00:07]} 32. Bb2 {[%emt 0:00:04]} Bb6 {[%emt 0:00:10]} 1/2-1/2

[Event "Moscow-ch Women 2021"]
[Site "Moscow"]
[Date "2021.04.01"]
[Round "8.9"]
[White "Panina, Sofya"]
[Black "Kuznetsova, Veronika"]
[Result "0-1"]
[WhiteElo "1341"]
[BlackElo "1343"]
[Annotator "NA RC"]
[PlyCount "74"]
[EventDate "2021.03.25"]
[EventType "swiss"]
[EventCountry "RUS"]
[SourceTitle "playchess.com"]
[Source "ChessBase"]
[SourceQuality "1"]
[TimeControl "5400+30"]

1. d4 {[%emt 0:00:30]} d5 {[%emt 0:02:57]} 2. c4 {[%emt 0:00:04]} e6 {[%emt 0:00:04]} 3. Nc3 {[%emt 0:00:06]} Nf6 {[%emt 0:00:04]} 4. Bg5 {[%emt 0:00:04]} Be7 {[%emt 0:00:06]} 5. e3 {[%emt 0:00:07]} h6 {[%emt 0:00:27]} 6. Bh4 {[%emt 0:00:09]} O-O {[%emt 0:00:25]} 7. Nf3 {[%emt 0:00:04]} a6 {[%emt 0:00:38]} 8. Be2 {[%emt 0:00:21]} dxc4 {[%emt 0:00:07]} 9. Bxc4 {[%emt 0:00:02]} b5 {[%emt 0:00:05]} 10. Be2 {[%emt 0:01:27]} Bb7 {[%emt 0:00:09]} 11. O-O {[%emt 0:01:18]} Nbd7 {[%emt 0:00:55]} 12. Qc2 {[%emt 0:00:33]} c5 {[%emt 0:01:49]} 13. Rad1 {[%emt 0:01:44]} Qb6 {[%emt 0:04:16]} 14. Ne5 {[%emt 0:05:12]} Rfe8 {[%emt 0:27:11]} 15. dxc5 {[%emt 0:39:42]} Nxc5 {[%emt 0:01:24]} 16. Bf3 {[%emt 0:09:27]} Bxf3 {[%emt 0:01:09]} 17. Nxf3 {[%emt 0:00:03]} Red8 {[%emt 0:00:48]} 18. Rxd8+ {[%emt 0:01:43]} Rxd8 {[%emt 0:00:26]} 19. Rd1 {[%emt 0:00:11]} Rxd1+ {[%emt 0:04:33]} 20. Qxd1 {[%emt 0:00:24]} Qc7 {[%emt 0:00:44]} 21. Bg3 {[%emt 0:05:59]} Qc8 {[%emt 0:02:21]} 22. h3 {[%emt 0:03:00]} Nce4 {[%emt 0:03:14]} 23. Nxe4 {[%emt 0:00:24]} Nxe4 {[%emt 0:00:07]} 24. Bh2 {[%emt 0:10:53]} Nf6 {[%emt 0:05:14]} 25. Nd4 {[%emt 0:02:17]} Qc4 {[%emt 0:03:13]} 26. a3 {[%emt 0:01:54]} Nd5 {[%emt 0:03:37]} 27. g4 {[%emt 0:06:31]} Bf6 {[%emt 0:03:09]} 28. Bd6 {[%emt 0:02:25]} Nb6 {[%emt 0:02:24]} 29. Bb4 {[%emt 0:07:56]} Qd5 {[%emt 0:03:16]} 30. f4 {[%emt 0:00:00]} Nc4 {[%emt 0:00:55]} 31. Qe2 {[%emt 0:00:28]} Bxd4 {[%emt 0:00:23]} 32. exd4 {[%emt 0:00:13]} Qxd4+ {[%emt 0:00:05]} 33. Kg2 {[%emt 0:00:14]} Qxb2 {[%emt 0:01:51]} 34. Qxb2 {[%emt 0:00:05]} Nxb2 {[%emt 0:00:01]} 35. Kf3 {[%emt 0:00:20]} f6 {[%emt 0:02:25]} 36. Ke4 {[%emt 0:00:42]} Kf7 {[%emt 0:00:17]} 37. Kd4 {[%emt 0:01:17]} Na4 {[%emt 0:01:12]} 0-1

[Event "Moscow-ch Women 2021"]
[Site "Moscow"]
[Date "2021.04.01"]
[Round "8.10"]
[White "Barkasheva, Sofia"]
[Black "Kunikova, Polina S"]
[Result "1-0"]
[WhiteElo "1634"]
[BlackElo "1028"]
[Annotator "NA RC"]
[PlyCount "49"]
[EventDate "2021.03.25"]
[EventType "swiss"]
[EventCountry "RUS"]
[SourceTitle "playchess.com"]
[Source "ChessBase"]
[SourceQuality "1"]
[TimeControl "5400+30"]

1. e4 {[%emt 0:00:00]} e5 {[%emt 0:00:00]} 2. Nf3 {[%emt 0:00:00]} Nc6 {[%emt 0:00:00]} 3. Bb5 {[%emt 0:00:00]} a6 {[%emt 0:00:27]} 4. Ba4 {[%emt 0:01:38]} b5 {[%emt 0:01:20]} 5. Bb3 {[%emt 0:00:05]} Bb7 {[%emt 0:02:25]} 6. c3 {[%emt 0:00:47]} Na5 {[%emt 0:01:01]} 7. Bc2 {[%emt 0:00:33]} d5 {[%emt 0:02:37]} 8. Qe2 {[%emt 0:02:25]} f6 {[%emt 0:05:29]} 9. O-O {[%emt 0:03:22]} Bd6 {[%emt 0:01:55]} 10. Re1 {[%emt 0:02:27]} Ne7 {[%emt 0:00:58]} 11. d4 {[%emt 0:04:35]} Ng6 {[%emt 0:06:38]} 12. exd5 {[%emt 0:01:04]} Bxd5 {[%emt 0:01:16]} 13. Bxg6+ {[%emt 0:00:27]} hxg6 {[%emt 0:00:11]} 14. dxe5 {[%emt 0:00:19]} Bxf3 {[%emt 0:01:35]} 15. Qxf3 {[%emt 0:00:07]} fxe5 {[%emt 0:04:48]} 16. Qg3 {[%emt 0:01:32]} Qf6 {[%emt 0:01:03]} 17. Bg5 {[%emt 0:01:16]} Qe6 {[%emt 0:01:39]} 18. Nd2 {[%emt 0:02:15]} Kd7 {[%emt 0:07:34]} 19. Ne4 {[%emt 0:02:00]} Nc6 {[%emt 0:01:40]} 20. f4 {[%emt 0:02:55]} Qf5 {[%emt 0:04:38]} 21. Rad1 {[%emt 0:03:49]} Ke6 {[%emt 0:02:57]} 22. Qd3 {[%emt 0:01:52]} Kd7 {[%emt 0:04:15]} 23. Qd5 {[%emt 0:05:12]} Qe6 {[%emt 0:02:32]} 24. Nc5+ {[%emt 0:00:33]} Kc8 {[%emt 0:01:02]} 25. Qxe6+ {[%emt 1:03:17]} 1-0